WWI General Knowledge - Statistics

General Stats
  • This quiz has been taken 311 times
  • The average score is 8 of 14
Answer Stats
Question Answer % Correct
Countries of the Triple Entente France
93%
Countries of the Triple Alliance Germany
92%
Countries of the Triple Entente Russia
86%
Countries of the Triple Alliance Austria-Hungary
83%
Countries of the Triple Alliance Italy
69%
What was WWI described as? The war to end all wars
68%
What country did Russia become after the war? Soviet Union
62%
Duration of war 4 Years
56%
Countries of the Triple Entente Britain
47%
Treaty that was signed to end the war The Treaty of Versailles
44%
End date of the war (dd/mm/yyyy) November 11, 1918
43%
Main fighting strategy for both sides Trench Warfare
43%
Estimated number of people who died from a direct result of war? 16 million
7%
Start date of the war (dd/mm/yyyy) July 28, 1914
3%
No matching quizzes found
Score Distribution
Percent of People with Each Score
Percentile by Number Answered
Your Score History
You have not taken this quiz